00911cam a22002414a 45000010009000000050017000090080041000260200015000670500022000820820016001041000029001202450090001492500013002392600041002523000034002936500014003277000016003418560085003578560073004429420015005159990015005309520124005451192105720250220100633.0000224s2000 maua b 001 0 eng  a007232726X00aHF5667b.W39 200100a657/.452211 aWhittington, Ray,d1948-10aPrinciples of auditing and other assurance services /cO. Ray Whittington, Kurt Pany. a13th ed. aBoston :bIrwin/McGraw-Hill,cc2001. axvi, 816 p. :bill. ;c24 cm. 0aAuditing.1 aPany, Kurt.423Publisher descriptionuhttp://www.loc.gov/catdir/description/mh021/00026721.html413Table of contentsuhttp://www.loc.gov/catdir/toc/mh021/00026721.html 2lcccBKn0 c3965d3965 00102lcc40708NFICaCUL1bCUL1cGENd2025-02-20l0oHF5667 WHIpulct00001296r2025-02-20 10:13:45t1w2025-02-20yBK